Nhân vật nữ trong truyện cổ tích sinh hoạt
Nghiên cứu nhân vật nữ trong truyện cổ tích sinh hoạt để hiểu biết thêm về vị trí vai trò của phụ nữ trong gia đình xã hội
Enregistré dans:
| Auteur principal: | |
|---|---|
| Autres auteurs: | |
| Format: | Livre |
| Langue: | Vietnamese |
| Publié: |
Đà Nẵng
Trường Đại học Sư phạm
6/2011
|
| Collection: | Khóa luận tốt nghiệp ĐH. Chuyên ngành: Cử nhân Văn học
|
| Sujets: | |
| Tags: |
Ajouter un tag
Pas de tags, Soyez le premier à ajouter un tag!
|
| Thư viện lưu trữ: | Mạng thư viện Đại học Đà Nẵng |
|---|
| LEADER | 01213nam a2200325 4500 | ||
|---|---|---|---|
| 001 | 000011117 | ||
| 003 | 7348 | ||
| 005 | 20120202080231.0 | ||
| 008 | 120202s6/20 viesd | ||
| 041 | |a vie | ||
| 072 | |a Khóa luận tốt nghiệp | ||
| 082 | |a 398.2 |b TH-H | ||
| 100 | |a Thân,Thị Hòa | ||
| 245 | |a Nhân vật nữ trong truyện cổ tích sinh hoạt |c Thân,Thị Hòa; Người hướng dẫn Lê Đức Luận | ||
| 260 | |a Đà Nẵng |b Trường Đại học Sư phạm |c 6/2011 | ||
| 300 | |a 66 tr. |c 29 cm. | ||
| 490 | |a Khóa luận tốt nghiệp ĐH. Chuyên ngành: Cử nhân Văn học | ||
| 500 | |a Tham khảo tr.65-tr.66 | ||
| 520 | |a Nghiên cứu nhân vật nữ trong truyện cổ tích sinh hoạt để hiểu biết thêm về vị trí vai trò của phụ nữ trong gia đình xã hội | ||
| 653 | |a Khóa luận tốt nghiệp Đại học | ||
| 653 | |a Khoa Ngữ Văn | ||
| 700 | |a Lê.Đức Luận |c TS |e Hướng dẫn | ||
| OWN | |a LSP | ||
| 999 | |a From the UDN01 | ||
| TYP | |a Monograph | ||
| TYP | |a Printed language | ||
| 980 | |a Mạng thư viện Đại học Đà Nẵng | ||